000 00770nam a22002417a 4500
005 20170124105912.0
010 _aB-125441
020 _c740.00
_a8179080056
035 _aB-125441
037 _bCen Lib/Ret
040 _aDPL
_bEN
082 _a020
_bBAR
100 _aBaruah, Arunima
_9857
245 _aLibrary science :
_cby Arunima Baruah; edited by M.H. Syed
_bprospect in 21st century /
260 _aNew Delhi
_bKilaso Books
_c2004
270 _bNew Delhi
_a2/19, Ansari road, Daryaganj
_e110002
300 _ax,304p.
_c20cm(Hb)
500 _aIncludes bibliography references
650 _aLibrary science
_y
_9107226
650 _aLibrary science
_y21st century
_9859
700 _aSyed, M.H.
_9107227
942 _2ddc
_cEN
_h020
_mBAR
999 _c122573
_d122573